000 00474 a2200121 4500
001 ART_43974
005 20260410162013.0
008 260409a
245 1 0 _aLa falta de continuidad en la prestación del servicio público de energía eléctrica y la reparación de los daños generados a los usuarios
100 1 _aMielnicki, Diego
700 1 _aRoitman, Facundo J.
773 0 _tTemas de derecho administrativo
_g- Año 2, Nº 7 (jul. 2017)
_wREV40468
999 _c32361
_d32361